[Event "FRA-chT Top 16 Gp Basse"]
[Site "Chartres"]
[Date "2023.06.10"]
[Round "3.4"]
[White "Jossien, Remy"]
[Black "Lazarev, Vladimir"]
[Result "1/2-1/2"]
[WhiteElo "2231"]
[BlackElo "2496"]
[PlyCount "119"]
[EventDate "2023.06.08"]
[EventType "team-tourn"]
[EventRounds "4"]
[EventCountry "FRA"]
[SourceTitle "CBM 214 Extra"]
[Source "ChessBase"]
[SourceDate "2023.07.31"]
[SourceVersion "1"]
[SourceVersionDate "2023.07.31"]
[SourceQuality "1"]
[WhiteTeam "Cappelle la Grande"]
[BlackTeam "Metz Fischer"]
[WhiteTeamCountry "FRA"]
[BlackTeamCountry "FRA"]

1. e4 c5 2. Nf3 Nc6 3. d4 cxd4 4. Nxd4 Qc7 5. Nc3 e6 6. g3 a6 7. Bg2 Nf6 8. 0-0 d6 9. Nxc6 bxc6 10. Na4 Bb7 11. c4 c5 12. Re1 Nd7 13. b3 Be7 14. Bb2 0-0 15. Qd2 Rad8 16. Bc3 Rc8 17. Rad1 Bc6 18. Nb2 Qb7 19. f4 Rfd8 20. Ba5 Nb6 21. Nd3 Rd7 22. Qe2 Bf8 23. Rd2 g6 24. Red1 Qa7 25. Qe3 Bg7 26. e5 Bxg2 27. Kxg2 d5 28. Bxb6 Qxb6 29. Nf2 Qc6 30. cxd5 exd5 31. Ne4 a5 32. Nd6 d4+ 33. Qf3 Qxf3+ 34. Kxf3 Rc6 35. Ne4 a4 36. Rc1 axb3 37. axb3 Rdc7 38. Rdc2 Bf8 39. Rc4 Ra7 40. Nxc5 Ra3 41. Nd3 Rxc4 42. Rxc4 Rxb3 43. Rxd4 h5 44. Rd7 Rb6 45. h3 Ra6 46. g4 hxg4+ 47. hxg4 f6 48. exf6 Rxf6 49. g5 Rd6 50. Rxd6 Bxd6 51. Ke4 Kg7 52. Kd5 Ba3 53. Ke6 Bf8 54. f5 gxf5 55. Nf4 Ba3 56. Kxf5 Bc1 57. Ne6+ Kg8 58. g6 Bb2 59. Ng5 Kg7 60. Ne6+ 1/2-1/2

[Event "FRA-chT Top 16 Gp Basse"]
[Site "Chartres"]
[Date "2023.06.09"]
[Round "2.2"]
[White "Lazarev, Vladimir"]
[Black "Donchenko, Alexander"]
[Result "0-1"]
[WhiteElo "2496"]
[BlackElo "2667"]
[PlyCount "96"]
[EventDate "2023.06.08"]
[EventType "team-tourn"]
[EventRounds "4"]
[EventCountry "FRA"]
[SourceTitle "CBM 214 Extra"]
[Source "ChessBase"]
[SourceDate "2023.07.31"]
[SourceVersion "1"]
[SourceVersionDate "2023.07.31"]
[SourceQuality "1"]
[WhiteTeam "Metz Fischer"]
[BlackTeam "Vandoeuvre"]
[WhiteTeamCountry "FRA"]
[BlackTeamCountry "FRA"]

1. d4 Nf6 2. c4 g6 3. Nc3 Bg7 4. e4 d6 5. Nf3 0-0 6. Be2 e5 7. 0-0 h6 8. d5 a5 9. Ne1 Na6 10. Nd3 b6 11. Be3 Nc5 12. f3 Nh5 13. Qd2 f5 14. exf5 gxf5 15. Nxc5 bxc5 16. g4 Nf4 17. Bxf4 exf4 18. gxf5 Bd4+ 19. Kh1 Be3 20. Qc2 Rxf5 21. Bd3 Rg5 22. Ne4 Rg7 23. Nf2 Qh4 24. Rae1 Kh8 25. Qc3 Bh3 26. Nxh3 Qxh3 27. Bg6 Rag8 28. Qf6 Bd4 29. Qf5 Qxf5 30. Bxf5 Rg2 31. Be6 R8g7 32. b3 Rxa2 33. Bh3 Be5 34. Rb1 Rg5 35. Bg4 h5 36. Bh3 Kg7 37. Rg1 Rxg1+ 38. Rxg1+ Kf6 39. Rb1 Bd4 40. Bg2 Ke5 41. Bh3 Be3 42. Bd7 h4 43. h3 Kd4 44. Be8 Kc3 45. Bd7 Kb4 46. Be8 Bd4 47. Bd7 Rf2 48. Bg4 Rb2 0-1

[Event "FRA-chT Top 16 GpB"]
[Site "Chartres"]
[Date "2023.06.05"]
[Round "5.3"]
[White "Lazarev, Vladimir"]
[Black "Laurent Paoli, Pierre"]
[Result "1/2-1/2"]
[WhiteElo "2496"]
[BlackElo "2552"]
[PlyCount "78"]
[EventDate "2023.06.01"]
[EventType "team-tourn"]
[EventRounds "7"]
[EventCountry "FRA"]
[SourceTitle "CBM 214 Extra"]
[Source "ChessBase"]
[SourceDate "2023.07.31"]
[SourceVersion "1"]
[SourceVersionDate "2023.07.31"]
[SourceQuality "1"]
[WhiteTeam "Metz Fischer"]
[BlackTeam "Marseille"]
[WhiteTeamCountry "FRA"]
[BlackTeamCountry "FRA"]

1. Nf3 Nf6 2. c4 e6 3. d4 Bb4+ 4. Bd2 Be7 5. Nc3 0-0 6. Qc2 d5 7. Bg5 h6 8. Bh4 Nbd7 9. cxd5 exd5 10. e3 c6 11. Bd3 Re8 12. Bg3 Nh5 13. Be5 Nhf6 14. Bg3 Nh5 15. Be5 Nxe5 16. Bh7+ Kf8 17. Nxe5 Nf6 18. Bd3 Ng4 19. Nf3 Bd6 20. h3 Nf6 21. 0-0-0 b5 22. Kb1 a5 23. g4 a4 24. g5 hxg5 25. Nxg5 Qa5 26. Ne2 Bd7 27. Bf5 Qd8 28. Rhg1 b4 29. Bxd7 Qxd7 30. Nh7+ Nxh7 31. Qxh7 g6 32. Qh8+ Ke7 33. Qh4+ Kf8 34. Qh8+ Ke7 35. Qh7 Kf8 36. e4 Qe6 37. e5 Bc7 38. Rg5 Bd6 39. Rgg1 Qd7 1/2-1/2

[Event "FRA-chT Top 16 GpB"]
[Site "Chartres"]
[Date "2023.06.02"]
[Round "2.1"]
[White "Gharamian, Tigran"]
[Black "Lazarev, Vladimir"]
[Result "1-0"]
[WhiteElo "2601"]
[BlackElo "2496"]
[PlyCount "97"]
[EventDate "2023.06.01"]
[EventType "team-tourn"]
[EventRounds "7"]
[EventCountry "FRA"]
[SourceTitle "CBM 214 Extra"]
[Source "ChessBase"]
[SourceDate "2023.07.31"]
[SourceVersion "1"]
[SourceVersionDate "2023.07.31"]
[SourceQuality "1"]
[WhiteTeam "Clichy Echecs 92"]
[BlackTeam "Metz Fischer"]
[WhiteTeamCountry "FRA"]
[BlackTeamCountry "FRA"]

1. e4 c5 2. Nf3 e6 3. c3 d5 4. e5 d4 5. d3 Nc6 6. g3 Nge7 7. Bg2 Ng6 8. Qe2 Qc7 9. Na3 dxc3 10. 0-0 a6 11. bxc3 b5 12. d4 Bb7 13. Nc2 Be7 14. h4 h6 15. Rb1 Nf8 16. Bf4 Na5 17. Rfd1 Rc8 18. h5 g5 19. hxg6 Nxg6 20. Ne3 cxd4 21. cxd4 Nxf4 22. gxf4 Be4 23. d5 exd5 24. Nxd5 Qc4 25. Qd2 Qxd5 26. Qxd5 Bxd5 27. Rxd5 Nc4 28. Rbd1 Rg8 29. Kh2 Bc5 30. Bh3 Ke7 31. Bxc8 Rxc8 32. Nd4 Nb6 33. Nf5+ Ke6 34. Ng7+ Ke7 35. Nf5+ Ke6 36. Ng7+ Ke7 37. R5d2 f6 38. Nf5+ Ke6 39. Nd6 Rc6 40. Nb7 Be7 41. Na5 Rc3 42. Rd6+ Bxd6 43. Rxd6+ Kf5 44. Rxf6+ Kg4 45. Rxb6 Ra3 46. Nc6 Rxa2 47. Kg2 h5 48. e6 h4 49. Ne5+ 1-0

[Event "Brcko Velemajstor CC 1st"]
[Site "Brcko"]
[Date "2023.03.30"]
[Round "7"]
[White "Lazarev, Vladimir"]
[Black "Mikanovic, Sandro"]
[Result "1-0"]
[WhiteElo "2479"]
[BlackElo "2250"]
[PlyCount "87"]
[EventDate "2023.03.26"]
[EventType "tourn"]
[EventRounds "9"]
[EventCountry "BIH"]
[SourceTitle "CBM 213 Extra"]
[Source "ChessBase"]
[SourceDate "2023.05.31"]
[SourceVersion "1"]
[SourceVersionDate "2023.05.31"]
[SourceQuality "1"]

1. d4 Nf6 2. c4 d6 3. Nf3 Bg4 4. Nc3 Nbd7 5. g3 e5 6. Bg2 c6 7. 0-0 Be7 8. h3 Bxf3 9. Bxf3 0-0 10. b3 Re8 11. e4 Bf8 12. Bg2 Qa5 13. Bb2 a6 14. Re1 b5 15. Qd3 bxc4 16. Qxc4 Qb6 17. Na4 Qb5 18. Qc2 Rac8 19. Rac1 exd4 20. Bxd4 Ne5 21. Red1 c5 22. Bxe5 Rxe5 23. Nc3 Qb4 24. f4 Ree8 25. Nd5 Nxd5 26. Rxd5 Re6 27. Qe2 h6 28. Qxa6 Rce8 29. Qd3 g6 30. Kh2 h5 31. h4 Rxe4 32. Bxe4 Rxe4 33. Rc4 Rxc4 34. Qxc4 Qe1 35. Qc2 Bg7 36. Rd1 Qe7 37. Qd3 Bd4 38. a4 Qa7 39. f5 Kg7 40. fxg6 fxg6 41. Rf1 Qe7 42. Qf3 Be5 43. Kg2 d5 44. a5 1-0

[Event "Brcko Velemajstor CC 1st"]
[Site "Brcko"]
[Date "2023.03.29"]
[Round "6"]
[White "Sredojevic, Ivan"]
[Black "Lazarev, Vladimir"]
[Result "0-1"]
[WhiteElo "2247"]
[BlackElo "2479"]
[PlyCount "64"]
[EventDate "2023.03.26"]
[EventType "tourn"]
[EventRounds "9"]
[EventCountry "BIH"]
[SourceTitle "CBM 213 Extra"]
[Source "ChessBase"]
[SourceDate "2023.05.31"]
[SourceVersion "1"]
[SourceVersionDate "2023.05.31"]
[SourceQuality "1"]

1. d4 Nf6 2. c4 e6 3. Nf3 d5 4. g3 Bb4+ 5. Bd2 Be7 6. Bg2 0-0 7. Qc2 c6 8. 0-0 Nbd7 9. Rd1 a5 10. b3 b6 11. Nc3 Ba6 12. cxd5 cxd5 13. a4 Rc8 14. Qb2 Bd6 15. Nb5 Bxb5 16. axb5 Qe7 17. Ne5 Bxe5 18. dxe5 Ng4 19. b4 Ndxe5 20. bxa5 Qf6 21. Bf4 Nf3+ 22. exf3 Qxb2 23. fxg4 bxa5 24. Rdb1 Qf6 25. Rxa5 e5 26. Ra6 Qe7 27. Re1 Qb4 28. Rxe5 Qxb5 29. Rd6 Qb1+ 30. Bf1 Rce8 31. Kg2 Rxe5 32. Bxe5 Qe4+ 0-1

[Event "Arandjelovac Akva Gold GM3"]
[Site "Arandjelovac"]
[Date "2021.08.04"]
[Round "6"]
[White "Lazarev, Vladimir"]
[Black "Vardan, Nagpal"]
[Result "1/2-1/2"]
[WhiteElo "2453"]
[BlackElo "2395"]
[PlyCount "39"]
[EventDate "2021.07.31"]
[EventType "tourn"]
[EventRounds "9"]
[EventCountry "SRB"]
[EventCategory "6"]
[SourceTitle "CBM 203 Extra"]
[Source "ChessBase"]
[SourceDate "2021.09.30"]
[SourceVersion "1"]
[SourceVersionDate "2021.09.30"]
[SourceQuality "1"]

1. d4 d5 2. c4 dxc4 3. Nf3 Nf6 4. e3 e6 5. Bxc4 c5 6. Qe2 a6 7. dxc5 Bxc5 8. 0-0 0-0 9. a3 b5 10. Bd3 Bb7 11. b4 Bd6 12. Bb2 Nbd7 13. Nbd2 Qb8 14. h3 Rd8 15. Rac1 Ne5 16. Bb1 Nxf3+ 17. Nxf3 Bxf3 18. Qxf3 Be5 19. Qe2 Bxb2 20. Qxb2 1/2-1/2

[Event "Getxo op 2nd"]
[Site "Getxo"]
[Date "2017.09.12"]
[Round "6"]
[White "Lazarev, Vladimir"]
[Black "Besga Lopez, Jose Angel"]
[Result "1-0"]
[WhiteElo "2442"]
[BlackElo "2105"]
[PlyCount "83"]
[EventDate "2017.09.09"]
[EventType "swiss"]
[EventRounds "9"]
[EventCountry "ESP"]
[SourceTitle "CBM 180 Extra"]
[Source "ChessBase"]
[SourceDate "2017.10.06"]
[SourceVersion "1"]
[SourceVersionDate "2017.10.06"]
[SourceQuality "1"]

1. d4 d5 2. c4 c6 3. Nf3 Bg4 4. Ne5 Qc8 5. cxd5 cxd5 6. Nc3 Nf6 7. Qb3 Nc6 8. Nxg4 Qxg4 9. Qxb7 Qc8 10. Qxc8+ Rxc8 11. e3 e6 12. Bd2 Bb4 13. Ba6 Rb8 14. Bb5 Kd7 15. Rc1 Rxb5 16. Nxb5 Bxd2+ 17. Kxd2 Rb8 18. Nc3 Rxb2+ 19. Rc2 Rb6 20. f3 e5 21. Na4 Rb4 22. Nc5+ Kd6 23. Nd3 Rb6 24. dxe5+ Nxe5 25. Nxe5 Kxe5 26. Rhc1 Ra6 27. Rc7 Rxa2+ 28. R1c2 Rxc2+ 29. Kxc2 Ke6 30. Rxa7 Ne8 31. Kd3 Nd6 32. g4 g5 33. Ra6 Ke7 34. Kd4 Nb5+ 35. Ke5 Nc3 36. Ra7+ Ke8 37. Kf6 h6 38. Re7+ Kd8 39. Kxf7 Ne2 40. Ke6 d4 41. Rd7+ Ke8 42. Rxd4 1-0

[Event "Pontevedra op 5th"]
[Site "Pontevedra"]
[Date "2017.08.14"]
[Round "9"]
[White "Estremera Panos, Sergio"]
[Black "Lazarev, Vladimir"]
[Result "0-1"]
[WhiteElo "2362"]
[BlackElo "2418"]
[PlyCount "99"]
[EventDate "2017.08.08"]
[EventType "swiss"]
[EventRounds "9"]
[EventCountry "ESP"]
[SourceTitle "CBM 179 Extra"]
[Source "ChessBase"]
[SourceDate "2017.08.23"]
[SourceVersion "1"]
[SourceVersionDate "2017.08.23"]
[SourceQuality "1"]

1. d4 Nf6 2. c4 e6 3. Nf3 d5 4. Nc3 dxc4 5. e3 a6 6. a4 b6 7. Bxc4 Bb7 8. 0-0 Bb4 9. Qe2 Nbd7 10. Rd1 0-0 11. Ne1 c5 12. Nc2 Ba5 13. dxc5 bxc5 14. f3 Qb8 15. e4 Bc7 16. g3 Ne5 17. f4 Nxc4 18. Qxc4 Bc6 19. Ne3 Qb7 20. e5 Nd7 21. b3 Rfc8 22. a5 Rcb8 23. Ra3 Qc8 24. Nc2 Qb7 25. Ne3 Qa7 26. Nc2 Rd8 27. Be3 Qb7 28. Raa1 Rab8 29. Ra3 Bh1 30. Qf1 h5 31. h4 Bc6 32. Qc4 Bh1 33. Qf1 Rbc8 34. Kh2 Bf3 35. Rd2 Nf8 36. Rf2 Bg4 37. Qc4 Bb8 38. Ra1 Bf5 39. Ne1 Rd4 40. Qf1 Rb4 41. Na4 Nd7 42. Rc1 c4 43. Nb6 Nxb6 44. Bxb6 cxb3 45. Rxc8+ Qxc8 46. Rb2 Bc7 47. Nd3 Rb5 48. Nc1 Bxb6 49. axb6 Qc3 50. Qxb5 0-1

[Event "Pontevedra op 5th"]
[Site "Pontevedra"]
[Date "2017.08.12"]
[Round "7"]
[White "Konguvel, Ponnuswamy"]
[Black "Lazarev, Vladimir"]
[Result "1/2-1/2"]
[WhiteElo "2383"]
[BlackElo "2418"]
[PlyCount "48"]
[EventDate "2017.08.08"]
[EventType "swiss"]
[EventRounds "9"]
[EventCountry "ESP"]
[SourceTitle "CBM 179 Extra"]
[Source "ChessBase"]
[SourceDate "2017.08.23"]
[SourceVersion "1"]
[SourceVersionDate "2017.08.23"]
[SourceQuality "1"]

1. e4 c5 2. Nf3 e6 3. d4 cxd4 4. Nxd4 a6 5. c4 Nf6 6. Nc3 Bb4 7. Qd3 0-0 8. e5 Ne8 9. Be2 Qc7 10. f4 f6 11. exf6 Nxf6 12. 0-0 Nc6 13. Nc2 Bc5+ 14. Kh1 Nb4 15. Nxb4 Bxb4 16. a3 Be7 17. b4 b6 18. Be3 Bb7 19. Bd4 a5 20. Nb5 Qd8 21. Qe3 axb4 22. Bxb6 Qc8 23. a4 Be4 24. a5 Qc6 1/2-1/2

[Event "Ourense Campus 4th"]
[Site "Ourense"]
[Date "2017.07.04"]
[Round "6.4"]
[White "Lazarev, Vladimir"]
[Black "Starostits, Ilmars"]
[Result "1/2-1/2"]
[WhiteElo "2417"]
[BlackElo "2412"]
[PlyCount "62"]
[EventDate "2017.07.01"]
[EventType "swiss"]
[EventRounds "9"]
[EventCountry "ESP"]
[SourceTitle "EXT 2024"]
[Source "ChessBase"]
[SourceDate "2023.10.10"]
[SourceVersion "1"]
[SourceVersionDate "2023.10.10"]
[SourceQuality "1"]

1. d4 Nf6 2. c4 g6 3. Nc3 d5 4. Nf3 Bg7 5. Qb3 dxc4 6. Qxc4 0-0 7. e4 Nc6 8. Be2 Bg4 9. d5 Na5 10. Qa4 Bxf3 11. Bxf3 c6 12. 0-0 b5 13. Qb4 a6 14. Bg5 cxd5 15. exd5 Rc8 16. d6 exd6 17. Rad1 Nc4 18. Bb7 Rc5 19. Qxc5 dxc5 20. Rxd8 Rxd8 21. Bxa6 h6 22. Bxb5 Nxb2 23. Bc1 Nd5 24. Nxd5 Rxd5 25. a4 Bd4 26. a5 c4 27. Bxb2 Bxb2 28. Bxc4 Rxa5 29. Rd1 Ra1 30. Rxa1 Bxa1 31. g3 Kg7 1/2-1/2

[Event "Balagna rapid KO 14th"]
[Site "Balagna"]
[Date "2017.05.07"]
[Round "1"]
[White "Bacrot, Etienne"]
[Black "Lazarev, Vladimir"]
[Result "1-0"]
[WhiteElo "2696"]
[BlackElo "2362"]
[PlyCount "71"]
[EventDate "2017.05.07"]
[EventType "k.o. (rapid)"]
[EventRounds "2"]
[EventCountry "FRA"]
[SourceTitle "CBM 178 Extra"]
[Source "ChessBase"]
[SourceDate "2017.06.22"]
[SourceVersion "1"]
[SourceVersionDate "2017.06.22"]
[SourceQuality "1"]

1. d4 Nf6 2. c4 e6 3. Nf3 d5 4. Nc3 Bb4 5. Qb3 a5 6. a3 Be7 7. Bf4 c6 8. e3 a4 9. Qc2 Qa5 10. Bxb8 Rxb8 11. Qxa4 Qc7 12. Be2 dxc4 13. Qxc4 b5 14. Qa2 b4 15. axb4 Bxb4 16. 0-0 0-0 17. Rfc1 Qe7 18. Na4 Bd7 19. Nc5 Bxc5 20. Rxc5 Rb6 21. Nd2 Rfb8 22. b3 Nd5 23. Qa3 h6 24. Bc4 Nb4 25. Qc1 Nd5 26. Nf3 Be8 27. h3 f6 28. e4 Nc7 29. Qf4 Kh8 30. Rca5 Nb5 31. Ra8 Nd6 32. e5 Nxc4 33. Rxb8 Rxb8 34. exf6 Qd6 35. fxg7+ Kxg7 36. Ra7+ 1-0

[Event "Arvier Spring op-A"]
[Site "Arvier"]
[Date "2017.04.24"]
[Round "5"]
[White "Lazarev, Vladimir"]
[Black "Nester, Ihor"]
[Result "1/2-1/2"]
[WhiteElo "2373"]
[BlackElo "2332"]
[PlyCount "41"]
[EventDate "2017.04.21"]
[EventType "swiss"]
[EventRounds "7"]
[EventCountry "ITA"]
[SourceTitle "CBM 178 Extra"]
[Source "ChessBase"]
[SourceDate "2017.06.22"]
[SourceVersion "1"]
[SourceVersionDate "2017.06.22"]
[SourceQuality "1"]

1. d4 f5 2. g3 Nf6 3. Bg2 e6 4. c4 Be7 5. Nf3 0-0 6. 0-0 d6 7. b3 Ne4 8. Bb2 Bf6 9. Nbd2 Nxd2 10. Qxd2 Nd7 11. Rad1 Qe8 12. Ng5 Bxg5 13. Qxg5 Nf6 14. Qd2 a5 15. c5 d5 16. a4 b5 17. cxb6 cxb6 18. Rc1 b5 19. axb5 Qxb5 20. Ba3 Re8 21. Bc5 1/2-1/2

[Event "Arvier Spring op-A"]
[Site "Arvier"]
[Date "2017.04.23"]
[Round "3"]
[White "Lazarev, Vladimir"]
[Black "Laketic, Gojko"]
[Result "1-0"]
[WhiteElo "2373"]
[BlackElo "2364"]
[PlyCount "49"]
[EventDate "2017.04.21"]
[EventType "swiss"]
[EventRounds "7"]
[EventCountry "ITA"]
[SourceTitle "CBM 178 Extra"]
[Source "ChessBase"]
[SourceDate "2017.06.22"]
[SourceVersion "1"]
[SourceVersionDate "2017.06.22"]
[SourceQuality "1"]

1. Nf3 d5 2. d4 Nf6 3. c4 c6 4. Qc2 g6 5. Bf4 Bg7 6. e3 0-0 7. Nc3 c5 8. dxc5 Qa5 9. Rc1 Nc6 10. Qb3 Qxc5 11. Qb5 Qxb5 12. cxb5 Nb8 13. Be5 Nbd7 14. Bd4 a6 15. Be2 Re8 16. Ne5 Nxe5 17. Bxe5 e6 18. bxa6 bxa6 19. Na4 Nd7 20. Bxg7 Kxg7 21. Rc7 Rb8 22. Kd2 Nb6 23. Nxb6 Rxb6 24. b3 Rb7 25. Rxc8 1-0

[Event "Zuerich Chess Challenge op 6th"]
[Site "Zuerich"]
[Date "2017.04.15"]
[Round "4"]
[White "Portmann, Daniel"]
[Black "Lazarev, Vladimir"]
[Result "0-1"]
[WhiteElo "2054"]
[BlackElo "2373"]
[PlyCount "74"]
[EventDate "2017.04.13"]
[EventType "swiss"]
[EventRounds "9"]
[EventCountry "SUI"]
[SourceTitle "CBM 177 Extra"]
[Source "ChessBase"]
[SourceDate "2017.04.27"]
[SourceVersion "1"]
[SourceVersionDate "2017.04.27"]
[SourceQuality "1"]

1. e4 c5 2. Nf3 Nc6 3. c4 e6 4. d4 cxd4 5. Nxd4 Nxd4 6. Qxd4 Ne7 7. Be2 Nc6 8. Qe3 b6 9. 0-0 Bc5 10. Qg3 Qf6 11. Nc3 0-0 12. a3 a5 13. Rb1 Ba6 14. Bd2 Kh8 15. Nd1 Qe7 16. Ne3 a4 17. Rfe1 Nd4 18. Bd3 f6 19. Bc3 Rfc8 20. Rbd1 Qf7 21. Qh4 Nb3 22. Bf1 Ra7 23. Rd3 Rac7 24. Ng4 Be7 25. Rh3 Qg6 26. Ne3 Bc5 27. Rg3 Qf7 28. Rh3 Qg8 29. Rd1 d6 30. Ng4 e5 31. Rdd3 Rf8 32. Rdg3 g5 33. Qh5 Bc8 34. Nxf6 Rxf6 35. Rxg5 Rg7 36. Rxe5 Bxf2+ 37. Kh1 Bd4 0-1

[Event "Treviso op-A 1st"]
[Site "Treviso"]
[Date "2017.03.17"]
[Round "1.5"]
[White "Belli, Giorgio"]
[Black "Lazarev, Vladimir"]
[Result "0-1"]
[WhiteElo "2120"]
[BlackElo "2376"]
[PlyCount "58"]
[EventDate "2017.03.17"]
[EventType "swiss"]
[EventRounds "5"]
[EventCountry "ITA"]
[SourceTitle "EXT 2024"]
[Source "ChessBase"]
[SourceDate "2023.10.10"]
[SourceVersion "1"]
[SourceVersionDate "2023.10.10"]
[SourceQuality "1"]

1. e4 c5 2. Nf3 e6 3. d4 cxd4 4. Nxd4 a6 5. Nc3 Qc7 6. Be2 Nf6 7. 0-0 d6 8. Be3 Nbd7 9. f4 b5 10. Bf3 Bb7 11. a3 Be7 12. Qe1 0-0 13. Qg3 Nb6 14. f5 e5 15. Bh6 Ne8 16. Nde2 Kh8 17. Bg5 Bxg5 18. Qxg5 Nf6 19. b3 Rfd8 20. Rfd1 d5 21. exd5 Nbxd5 22. Nxd5 Bxd5 23. Bxd5 Nxd5 24. Rd2 Qb6+ 25. Kh1 Ne3 26. Rxd8+ Rxd8 27. f6 gxf6 28. Qh6 Rg8 29. Ng3 Ng4 0-1